Imam Abu Hanifah: life and work. (Record no. 23664)

MARC details
000 -LEADER
fixed length control field 00327cam a2200133 4500
082 00 - DEWEY DECIMAL CLASSIFICATION NUMBER
Classification number 297.61
Author Cutter HUS
100 0# - MAIN ENTRY--AUTHOR NAME
Author name Shiblī Nuʻmānī,
245 10 - TITLE STATEMENT
Title Imam Abu Hanifah: life and work.
260 ## - PUBLICATION, DISTRIBUTION, ETC. (IMPRINT)
Place of publication New Delhi
Name of publisher Islamic book service
Year of publication 2008
300 ## - PHYSICAL DESCRIPTION
Number of Pages x, 235 p.
942 ## - ADDED ENTRY ELEMENTS (KOHA)
Koha item type Books
700 1# -
-- Hadi Hussain, Muhammad,
Holdings
Home library Current library Shelving location Date acquired Cost, normal purchase price Full call number Accession Number Koha item type
Henry Martyn Institute Library Henry Martyn Institute Library General stacks 12/10/2025 100.00 297.61 HUS 024752 Books
                   Copyright © 2026 | Henry Martyn Institute | Hyderabad | TS-500052 | INDIA | Implemented by hmi.edu.in
Hit-Count:

Powered by Koha